000 00586nam a2200229Ia 4500
003 OSt
005 20220912151134.0
006 a|||||r|||| 00| 0
007 ta
008 220909b |||||||| |||| 00| 0 eng d
024 _a590
037 _cTextual
040 _aCSL
_beng
_cCSL
041 _aeng
082 _aB28, L5
100 _aTeekens R.
245 0 _aPrediction methods in multiplicative models
260 _aRotterdam
_bRotterdam Univ Press
_c1972
300 _aviii,121p.
_ccm.
942 _hB28, L5
_cTEXL
_2CC
999 _c62116
_d62116